States One State Away from Missouri - Statistics

General Stats
  • This quiz has been taken 9 times
  • The average score is 15 of 16
Answer Stats
Intermediate State % Correct
Tennessee Alabama
100%
Kansas / Oklahoma Colorado
100%
Tennessee Georgia
100%
Arkansas / Oklahoma Louisiana
100%
Iowa Minnesota
100%
Arkansas / Tennessee Mississippi
100%
Oklahoma New Mexico
100%
Tennessee North Carolina
100%
Iowa / Nebraska South Dakota
100%
Arkansas Texas
100%
Kentucky / Tennessee Virginia
100%
Kentucky West Virginia
100%
Illinois / Iowa Wisconsin
100%
Illinois / Kentucky Indiana
89%
Kentucky Ohio
78%
Nebraska Wyoming
78%
No matching quizzes found
Score Distribution
Percent of People with Each Score
Percentile by Number Answered
Your Score History
You have not taken this quiz